MDQL
is popping MORE tags! Check the
thread
!
Quizzes
Events
Quiz Creation
Community
Videos
Private Events
Remove Ads
Sign In
Join for FREE
Feedback
Dark Mode
Quiz Categories
Sports
Geography
Music
Movies
Television
Just For Fun
Miscellaneous
History
Literature
Language
Science
Gaming
Entertainment
Religion
Holiday
For Kids
Quiz Lab
Recent
Popular Today
Quiz Kudos Today
Editor Picks
Curator Picks
Quizzes by...
Day
Popularity
Type
Ratings
Length
Year
Community
Subscriptions
Recent Discussions
Orange Saloon
Badges
Playlists
Quests
Create
Leaderboards
Showdown
Live 5
Trivia Bingo
Activity
Puzzle Library
Sporcle Events
Private Events
Virtual Trivia
Globe League
Become a Host
Pub Owners
SporcleCon
Opinionation
Our Games
Videos
Blog
Mobile Apps
Partnerships
Remove Ads and Go Orange
Feedback
Sports
Athletes
MLB
NBA
NHL
NFL
Soccer
Sports Teams
WWE
NCAA
Football
Premier League
Basketball
Baseball
Hockey
Golf
Tennis
Cricket
Rugby
Auto Racing
Olympics
World Cup
Sports
Athletes
MLB
NBA
NHL
NFL
Soccer
Sports Teams
WWE
NCAA
Football
Premier League
Basketball
Baseball
Hockey
Golf
Tennis
Cricket
Rugby
Auto Racing
Olympics
World Cup
Random Quiz
Search Sporcle
×
Quiz Lab
Quiz Lab
Sports
Ring
Type in answers that appear in a list
Type in answers that appear in a list
Classic
Best Score? Go Orange.
Ring of Honor Main Events - 2011 Stats
Can you name the wrestlers that competed in the main events of Ring of Honor's 2011 events?
By
2mbs
10m
96 Questions
214 Plays
214 Plays
214 Plays
Comments
Comments
Give Quiz Kudos
Give Quiz Kudos
-
- Ratings
hide this ad
More Info
Replay
Link that replays current quiz
Next Quiz
Link to next quiz in quiz playlist
You Got
0%
They Got
Avg Score
88%
Avg Friend Score
Upgrade to see
Score Distribution
Jump to the score distribution portion of the page
Score
0/96
Timer
10:00
0
Plays Today
Event
Wrestler
% Correct
Manhattan Mayhem IV
Eddie Edwards
96.7%
Honor Takes Center Stage -
Day 1
Eddie Edwards
96.7%
Honor Takes Center Stage -
Day 2
Eddie Edwards
96.7%
Revolution: USA
Eddie Edwards
96.7%
Revolution: Canada
Eddie Edwards
96.7%
Supercard of Honor VI
Eddie Edwards
96.7%
Best in the World '11
Eddie Edwards
96.7%
Tag Team Turmoil
Eddie Edwards
96.7%
Gateway Of Honor
Eddie Edwards
96.7%
Survival of the Fittest '11
Eddie Edwards
96.7%
Southern Defiance
Eddie Edwards
96.7%
Northern Aggression
Eddie Edwards
96.7%
Final Battle '11
Eddie Edwards
96.7%
Champions vs. All Stars
Davey Richards
96.3%
World's Greatest
Davey Richards
96.3%
Honor Takes Center Stage -
Day 2
Davey Richards
96.3%
Revolution: USA
Davey Richards
96.3%
Best in the World '11
Davey Richards
96.3%
Tag Team Turmoil
Davey Richards
96.3%
Gateway Of Honor
Davey Richards
96.3%
Glory by Honor X
Davey Richards
96.3%
Final Battle '11
Davey Richards
96.3%
Champions vs. All Stars
Jay Briscoe
95.3%
Champions vs. All Stars
Mark Briscoe
95.3%
Only the Strong Survive
Jay Briscoe
95.3%
9th Anniversary Show
Jay Briscoe
95.3%
9th Anniversary Show
Mark Briscoe
95.3%
Defy or Deny
Jay Briscoe
95.3%
Death Before Dishonor IX
Jay Briscoe
95.3%
Death Before Dishonor IX
Mark Briscoe
95.3%
Survival of the Fittest '11
Jay Briscoe
95.3%
Survival of the Fittest '11
Mark Briscoe
95.3%
Event
Wrestler
% Correct
Southern Defiance
Jay Briscoe
95.3%
Southern Defiance
Mark Briscoe
95.3%
Northern Aggression
Jay Briscoe
95.3%
Northern Aggression
Mark Briscoe
95.3%
Champions vs. All Stars
El Generico
93.9%
SoCal Showdown II
El Generico
93.9%
Defy or Deny
El Generico
93.9%
No Escape
El Generico
93.9%
Glory by Honor X
El Generico
93.9%
Southern Defiance
El Generico
93.9%
Northern Aggression
El Generico
93.9%
Champions vs. All Stars
Roderick Strong
92.1%
Only the Strong Survive
Roderick Strong
92.1%
SoCal Showdown II
Roderick Strong
92.1%
World's Greatest
Roderick Strong
92.1%
Defy or Deny
Roderick Strong
92.1%
Manhattan Mayhem IV
Roderick Strong
92.1%
Supercard of Honor VI
Roderick Strong
92.1%
Tag Team Turmoil
Roderick Strong
92.1%
No Escape
Roderick Strong
92.1%
Survival of the Fittest '11
Roderick Strong
92.1%
Southern Defiance
Roderick Strong
92.1%
Northern Aggression
Roderick Strong
92.1%
Champions vs. All Stars
Chris Hero
90.2%
World's Greatest
Chris Hero
90.2%
Revolution: USA
Chris Hero
90.2%
Revolution: Canada
Chris Hero
90.2%
Southern Defiance
Jay Lethal
89.7%
World's Greatest
Charlie Haas
89.3%
World's Greatest
Shelton Benjamin
89.3%
9th Anniversary Show
Charlie Haas
89.3%
9th Anniversary Show
Shelton Benjamin
89.3%
Event
Wrestler
% Correct
Honor Takes Center Stage -
Day 2
Charlie Haas
89.3%
Honor Takes Center Stage -
Day 2
Shelton Benjamin
89.3%
Southern Defiance
Charlie Haas
89.3%
Southern Defiance
Shelton Benjamin
89.3%
Northern Aggression
Charlie Haas
89.3%
Northern Aggression
Shelton Benjamin
89.3%
Death Before Dishonor IX
Kenny King
88.8%
Gateway Of Honor
Kenny King
88.8%
Southern Defiance
Kenny King
88.8%
Death Before Dishonor IX
Rhett Titus
87.9%
Gateway Of Honor
Rhett Titus
87.9%
Southern Defiance
Rhett Titus
87.9%
Champions vs. All Stars
Christopher Daniels
86.9%
Honor Takes Center Stage -
Day 1
Christopher Daniels
86.9%
Champions vs. All Stars
Claudio Castagnoli
85.5%
World's Greatest
Claudio Castagnoli
85.5%
Revolution: USA
Claudio Castagnoli
85.5%
Southern Defiance
Adam Cole
84.6%
Tag Team Turmoil
Michael Elgin
82.2%
Survival of the Fittest '11
Michael Elgin
82.2%
Southern Defiance
Michael Elgin
82.2%
Northern Aggression
Michael Elgin
82.2%
Survival of the Fittest '11
Kyle O'Reilly
77.1%
Defy or Deny
Homicide
65.4%
Southern Defiance
Nick Jackson
63.6%
Southern Defiance
Matt Jackson
63.1%
Southern Defiance
Grizzly Redwood
56.5%
Southern Defiance
Mike Bennett
54.2%
Southern Defiance
Harlem Bravado
49.5%
Southern Defiance
Lancelot Bravado
49.5%
Southern Defiance
Caprice Coleman
48.6%
Southern Defiance
Cedric Alexander
48.1%
Quiz Playlist
Details
Report
Send in Message
Add To Playlist
More Info:
In this game, the main event will always be the last match of the event.
Classic:
Type in answers that appear in a list
Quiz Source
Last Updated: Feb 16, 2017
Quiz Scoreboard
CHALLENGE
Sign Up to Join the Scoreboard
Show All
Scores
Hide
Comments
May contain spoilers
Recently Published
5x2 Blitz: Bands
by SL_Kpop136
Music
30s
Colored Red Africa Blitz
by spor1
Geography
30s
Find the 'City' Movie
by crazypaving
Movies
60s
More to Explore
Quiz From the Vault
Featured Blog Post
14 Easter Pick-up Lines to Find Eggs With
hide this ad
You Might Also Like...
Tags
2011
Competed
detail
Event
honor
Matching
Ring
Wrestlers
Today's Top Quizzes in Sports
Browse Sports
hide this ad
Today's Top Quizzes in Ring
Browse Ring
Top Contributed Quizzes in Sports
1
Players with Multiple 50 Home Run Seasons
2
Who Needs Fielders?
3
Criteria MLB: Left Handed Sluggers
4
MLB Players with Two .350 Batting Average Seasons
5
Who Hit More Homers?
6
2020 F1 Drivers Logic Puzzle
7
NBA Teammate Connections
8
Premier League Clubs since 2000 (minefield)
9
MLB Teams by First Game
10
Top 10 NHL Goal Scorers of All Time
Explore More
Trending Topics
Disney
Crossword
Harry Potter
NBA
Anime
Marvel
Kpop
Song
The Office
Pokémon
Country
WWE
NFL
Puzzle
Soccer
hide this ad
More By:
2mbs
Quiz
Plays
Rating
Category
Featured
Created
Runner-Up to Dale Earnhardt
13,884
4.23
Sports
Mar 14, 2010
Bill Goldberg WCW/WWE PPV Opponents
13,040
3.96
Sports
Feb 21, 2010
Bill Goldberg's WCW Undefeated Streak
8,419
4.13
Sports
Sep 19, 2011
Trish Stratus WWF/WWE PPV Opponents
7,232
3.90
Sports
Feb 1, 2010
Sting TNA PPV Opponents
6,066
3.96
Sports
Nov 15, 2009
Go to Creator's Profile
Score Distribution
Quiz Creator Spotlight
2mbs
Follow
Send a Message
Quizzes Created
-
Created Quiz Play Count
-
More By This Creator
Popular Quizzes Today
1
Find the 'City' Movie
2
5x2 Blitz: Bands
3
Colored Red Africa Blitz
4
Find the US States - No Outlines Minefield
5
The Countries of the World
6
Find the US States
7
9x9 Crossword: Cartoon Network
8
US States
More Sports Quizzes
Sports by Equipment Click
Published
Trending Quizzes
Colored Red Europe Blitz I
Colored Red Africa Blitz II
Colored Red Europe Blitz III
Colored Red Europe Blitz II
Colored Red Africa Blitz III
Recently Updated
Champions League XIs: Real Madrid
pecheneg
Largest US Cities 1790-2010
pecheneg
Rides in Walt Disney World
pecheneg
Most Oscar Losses (Acting)
pecheneg
Beyoncé Albums
pecheneg
Leaping Animals
pecheneg
Reality TV Shows (A-Z)
bhenderson79
Rickey Henderson's Hall of Fame Teammates
pecheneg
Champions League XIs: Arsenal
pecheneg
Quick Pick: Celebrities in WWE's Hall of Fame
aduchscher
Trending Topics
Crossword
Kpop
Marvel
NBA
Disney
Harry Potter
Anime
Pokémon
Song
Puzzle
Country
Soccer
NFL
The Office
WWE
Your Account Isn't Verified!
In order to create a playlist on Sporcle, you need to verify the email address you used during registration. Go to your
Sporcle Settings
to finish the process.
Report this User
Report this user for behavior that violates our
Community Guidelines
.
Details:
Send Report
Go to the Sporcle.com Mobile Site →
Comments